[Event "Titled Tue 3rd Jan Late"]
[Site "chess.com INT"]
[Date "2025.06.03"]
[Round "8"]
[White "Noroozi, Omid"]
[Black "Drygalov, Andrey"]
[Result "0-1"]
[WhiteTitle "IM"]
[BlackTitle "GM"]
[WhiteElo "2266"]
[BlackElo "2431"]
[WhiteFideId "12501190"]
[BlackFideId "24171735"]
[EventDate "2025.06.03"]

1. c4 Nf6 2. Nc3 e5 3. Nf3 Nc6 4. e3 Bb4 5. Qc2 O-O 6. Nd5 a5 7. Ng5 g6 8. h4 d6
9. Bd3 Bc5 10. a3 Re8 11. b3 Be6 12. Nxf6+ Qxf6 13. Ne4 Qe7 14. Nxc5 dxc5 15. h5
a4 16. bxa4 Rad8 17. hxg6 fxg6 18. Bb2 Qf7 19. f4 Bg4 20. O-O Qd7 21. Be4 Qxd2
22. Qxd2 Rxd2 23. Bc3 Re2 24. Bd5+ Be6 25. Bxc6 bxc6 26. Bxe5 Bxc4 27. Rfc1 Bd5
28. Rxc5 Rxg2+ 29. Kf1 Rh2 30. Rac1 g5 31. a5 g4 32. Rxd5 cxd5 33. Rxc7 Kf8 34.
a6 Rb8 35. Bd6+ Kg8 36. Rd7 Rb1# 0-1

[Event "Titled Tue 3rd Jan Late"]
[Site "chess.com INT"]
[Date "2025.06.03"]
[Round "8"]
[White "Garcia Hernandez, Rebeca"]
[Black "Shapiro, Daniel"]
[Result "0-1"]
[WhiteTitle "WCM"]
[BlackTitle "FM"]
[WhiteElo "1903"]
[BlackElo "2284"]
[WhiteFideId "5180872"]
[BlackFideId "2001780"]
[EventDate "2025.06.03"]

1. Nf3 e6 2. g3 f5 3. Bg2 Nf6 4. O-O Be7 5. c4 O-O 6. b3 d6 7. d4 a5 8. Nc3 Nc6
9. Bb2 Ne4 10. Qc2 Nxc3 11. Bxc3 Bf6 12. Rfd1 Qe7 13. d5 Nb4 14. Qb2 Bxc3 15.
Qxc3 e5 16. a3 Na6 17. b4 a4 18. Rac1 b6 19. Qc2 Bd7 20. e3 g5 21. h4 h6 22.
hxg5 hxg5 23. Qc3 Rf7 24. Nd2 Raf8 25. f4 gxf4 26. exf4 Rg7 27. Re1 e4 28. Qd4
Kf7 29. Kf2 Rfg8 30. Re3 Qf6 31. Qxf6+ Kxf6 0-1

[Event "Titled Tue 3rd Jan Late"]
[Site "chess.com INT"]
[Date "2025.06.03"]
[Round "8"]
[White "Harvey, Marcus R"]
[Black "Sethuraman, Roshan"]
[Result "1-0"]
[WhiteTitle "IM"]
[WhiteElo "2447"]
[BlackElo "2074"]
[WhiteFideId "400092"]
[BlackFideId "30965250"]
[EventDate "2025.06.03"]

1. Nf3 Nf6 2. b3 g6 3. Bb2 Bg7 4. g3 O-O 5. Bg2 Nc6 6. O-O b6 7. d4 d5 8. Ne5
Bb7 9. Nxc6 Bxc6 10. Nd2 Bb7 11. Rc1 e6 12. c4 Qd7 13. cxd5 exd5 14. Nf3 Rfe8
15. Ne5 Qd6 16. Qc2 Rac8 17. f4 Ne4 18. Nc6 Bxc6 19. Qxc6 f5 20. Bxe4 dxe4 21.
e3 a5 22. Rf2 Qxc6 23. Rxc6 Bf8 24. Rfc2 Bd6 25. d5 Bc5 26. Bd4 Bxd4 27. exd4
Rcd8 28. d6 Rxd6 29. Rxd6 cxd6 30. Kf2 e3+ 31. Ke2 Re4 32. Rc6 Rxd4 33. Kxe3 Rb4
34. Rxd6 a4 35. Rd4 Rb5 36. Rxa4 Rc5 37. Ra7 Rc2 38. h4 Rg2 39. Kf3 Rc2 40. b4
Rc3+ 41. Kg2 Rc2+ 42. Kh3 h5 43. b5 Rd2 44. a4 Re2 45. a5 bxa5 46. b6 a4 47.
Ra8+ Kg7 48. b7 a3 49. b8=Q 1-0

[Event "Titled Tue 3rd Jan Late"]
[Site "chess.com INT"]
[Date "2025.06.03"]
[Round "8"]
[White "Gelman, Alexander"]
[Black "Calvo Gonzalez, Jose Felix"]
[Result "1-0"]
[WhiteTitle "IM"]
[BlackTitle "CM"]
[WhiteElo "2403"]
[BlackElo "2168"]
[WhiteFideId "4118316"]
[BlackFideId "54505615"]
[EventDate "2025.06.03"]

1. d4 Nf6 2. Nc3 d5 3. Bf4 Nbd7 4. Nb5 e5 5. dxe5 Nh5 6. e3 g5 7. Qxh5 gxf4 8.
exf4 Nc5 9. O-O-O c6 10. Nd4 Qa5 11. Kb1 Ne4 12. e6 Ba3 13. Qxf7+ Kd8 14. e7+
Bxe7 15. Bd3 Nxf2 16. Ngf3 Nxh1 17. Re1 Re8 18. f5 Bd7 19. Rxh1 Bc5 20. Ne6+
Bxe6 21. fxe6 Qc7 22. Ng5 h6 23. Qf6+ Be7 24. Qxh6 Kc8 25. Qg6 Qd8 26. Nf7 Rg8
27. Nxd8 Rxg6 28. Nxc6 1-0

[Event "Titled Tue 3rd Jan Late"]
[Site "chess.com INT"]
[Date "2025.06.03"]
[Round "8"]
[White "Tymrakiewicz, Rafal"]
[Black "Wael Sabry, Mina"]
[Result "0-1"]
[WhiteTitle "FM"]
[BlackTitle "FM"]
[WhiteElo "2189"]
[BlackElo "2094"]
[WhiteFideId "1108832"]
[BlackFideId "10670173"]
[EventDate "2025.06.03"]

1. d4 Nf6 2. Bg5 g6 3. Nf3 Bg7 4. e3 O-O 5. c4 d5 6. Nc3 c5 7. Bxf6 Bxf6 8. cxd5
cxd4 9. Nxd4 b6 10. Bc4 Bb7 11. O-O Qc7 12. Bb3 a6 13. e4 b5 14. Rc1 Qb6 15.
Nce2 Nd7 16. Kh1 Rfc8 17. Qd2 Nc5 18. Bc2 b4 19. Bb1 a5 20. Rfd1 Rc7 21. Nf3 Rd8
22. b3 e6 23. d6 Nxe4 24. Bxe4 Rxc1 25. Qxc1 Bxe4 26. Qf4 Bxf3 27. Qxf3 Kg7 28.
Qf4 e5 29. Qe3 Rxd6 30. Qxb6 Rxb6 31. Ng3 Rb5 32. Ne4 Be7 33. g4 f5 34. gxf5
gxf5 35. Rg1+ Kf7 36. Ng3 e4 37. Nh5 Bf6 38. Nxf6 Kxf6 39. Rc1 Rd5 40. Rc2 Ke5
41. Kg2 f4 42. Kf1 f3 43. Ke1 Kf4 44. Rc8 Rh5 45. Rf8+ Ke5 46. Re8+ Kd4 47. Rd8+
Kc3 48. Re8 Rxh2 49. Rc8+ Kb2 50. Kd2 Rxf2+ 51. Ke3 Re2+ 52. Kd4 Kxa2 53. Ra8
Kxb3 54. Rxa5 f2 55. Ra1 Re1 56. Ra3+ Kb2 57. Rb3+ Kxb3 0-1

[Event "Titled Tue 3rd Jan Late"]
[Site "chess.com INT"]
[Date "2025.06.03"]
[Round "8"]
[White "Arakelyan, Manvel"]
[Black "Dobre, Claudiu-Cristian"]
[Result "0-1"]
[WhiteTitle "FM"]
[BlackTitle "IM"]
[WhiteElo "2326"]
[BlackElo "2265"]
[WhiteFideId "13317415"]
[BlackFideId "1211854"]
[EventDate "2025.06.03"]

1. e4 Nc6 2. Nf3 d6 3. d4 Nf6 4. Nc3 Bg4 5. Be3 e6 6. h3 Bxf3 7. Qxf3 d5 8. e5
Nd7 9. a3 Ne7 10. Ne2 c5 11. c3 Nf5 12. Ng3 Nxe3 13. Qxe3 Qb6 14. b4 cxd4 15.
cxd4 Rc8 16. Be2 Be7 17. O-O O-O 18. Rac1 Rc7 19. Rxc7 Qxc7 20. Rc1 Qb8 21. Bd3
Rc8 22. Ne2 Nb6 23. f4 g6 24. g4 Rxc1+ 25. Qxc1 Qc8 26. Qf1 Nc4 27. f5 Nxa3 28.
Nf4 Bg5 29. fxe6 fxe6 30. Ne2 Qf8 31. Qg2 Qxb4 32. Qg3 Qd2 33. Kf2 Nc4 34. Bxc4
dxc4 35. Qa3 Kf7 36. Qa4 Bh4+ 37. Kf1 Qd3 38. Qd7+ Be7 39. Kf2 g5 40. Qc8 b5 41.
Qb7 b4 42. Qxa7 c3 0-1

[Event "Titled Tue 3rd Jan Late"]
[Site "chess.com INT"]
[Date "2025.06.03"]
[Round "8"]
[White "Clawitter, Craig"]
[Black "Maklakova, Nellija"]
[Result "1-0"]
[WhiteElo "2050"]
[BlackElo "1926"]
[WhiteFideId "2023105"]
[BlackFideId "11603470"]
[EventDate "2025.06.03"]

1. e4 e6 2. d4 d5 3. e5 c5 4. c3 Nc6 5. Nf3 Bd7 6. Be2 cxd4 7. cxd4 Nge7 8. O-O
Nf5 9. Nc3 Qb6 10. Na4 Qa5 11. Bd2 Qc7 12. Rc1 a6 13. Bd3 Be7 14. Nc5 O-O 15. b4
b6 16. Nxa6 Qb7 17. b5 Ncxd4 18. Nxd4 Nxd4 19. Rc7 Qxc7 20. Nxc7 Rxa2 21. Be3
Nf5 22. Bxf5 exf5 23. Bxb6 g6 24. Nxd5 Bg5 25. Nf6+ Bxf6 26. exf6 Bxb5 27. Qc1
Kh8 28. Qh6 Rg8 29. Rc1 Bd3 30. h4 Be4 31. Rc8 Ra1+ 32. Kh2 g5 33. Qg7# 1-0

[Event "Titled Tue 3rd Jan Late"]
[Site "chess.com INT"]
[Date "2025.06.03"]
[Round "8"]
[White "Kislinsky, Alexey"]
[Black "Mendes Aaron Reeve"]
[Result "1/2-1/2"]
[WhiteTitle "GM"]
[BlackTitle "IM"]
[WhiteElo "2350"]
[BlackElo "2335"]
[WhiteFideId "14108801"]
[BlackFideId "25954938"]
[EventDate "2025.06.03"]

1. d4 h6 2. h4 d5 3. Nf3 Nf6 4. c4 c6 5. e3 Bg4 6. Nbd2 e6 7. Be2 Nbd7 8. b3 Bb4
9. a3 Bc3 10. Ra2 Ne4 11. Rc2 Qf6 12. O-O Bxd2 13. Bxd2 Bxf3 14. Bxf3 Qxh4 15.
b4 O-O 16. a4 f5 17. b5 Nb6 18. Bb4 Rf7 19. cxd5 Nxd5 20. Ba3 Rc8 21. Qe2 Rfc7
22. Rfc1 cxb5 23. Rxc7 Rxc7 24. Rxc7 Nxc7 25. axb5 b6 26. Bxe4 Qxe4 27. Qc4 Nd5
28. Bd6 Kh7 29. Be5 h5 30. Qc8 f4 31. Qd7 Qg6 32. exf4 h4 33. f5 Qg5 34. fxe6
Ne7 35. f4 Qg3 36. Qxe7 Qe1+ 37. Kh2 Qg3+ 38. Kg1 Qe1+ 39. Kh2 Qg3+ 40. Kg1 1/2-1/2

[Event "Titled Tue 3rd Jan Late"]
[Site "chess.com INT"]
[Date "2025.06.03"]
[Round "8"]
[White "Rosenberg, Evan S"]
[Black "Bratovic, Blaz"]
[Result "0-1"]
[BlackTitle "IM"]
[WhiteElo "1989"]
[BlackElo "2319"]
[WhiteFideId "2019299"]
[BlackFideId "14603551"]
[EventDate "2025.06.03"]

1. c4 f5 2. Nc3 Nf6 3. Nf3 e6 4. d3 g6 5. e3 Bg7 6. Be2 O-O 7. O-O b6 8. Rb1 Bb7
9. b4 d6 10. b5 Nbd7 11. a4 h6 12. a5 Rb8 13. a6 Ba8 14. Bb2 g5 15. Nd2 g4 16.
f3 h5 17. d4 Qe7 18. e4 c5 19. d5 Ne5 20. f4 Ng6 21. exf5 exf5 22. Nb3 h4 23.
Qd2 Nh5 24. Rbe1 Qf7 25. Bd3 Bh6 26. Ne2 Rbe8 27. g3 h3 28. Nc3 Bg7 29. Nd1 Bxd5
30. cxd5 Qxd5 31. Bxg7 Kxg7 32. Nc1 Nf6 33. Ne3 Qd4 34. Kh1 Ne4 35. Nxf5+ Rxf5
36. Rxe4 Rxe4 37. Nb3 Qd5 38. Bxe4 Qxe4+ 39. Kg1 Rd5 40. Qc3+ Kh7 41. Qb2 Rd3
42. Nc1 Re3 0-1

[Event "Titled Tue 3rd Jan Late"]
[Site "chess.com INT"]
[Date "2025.06.03"]
[Round "8"]
[White "Vifleemskaia, Svetlana"]
[Black "Winkels, Marcel"]
[Result "1-0"]
[WhiteTitle "WFM"]
[BlackTitle "CM"]
[WhiteElo "1942"]
[BlackElo "1918"]
[WhiteFideId "4129490"]
[BlackFideId "1003887"]
[EventDate "2025.06.03"]

1. d4 Nf6 2. c4 c5 3. d5 e6 4. Nc3 exd5 5. cxd5 d6 6. e4 g6 7. Nf3 Bg7 8. Nd2
O-O 9. Be2 Re8 10. O-O Na6 11. Qc2 Nc7 12. Re1 a6 13. a4 Rb8 14. a5 b5 15. axb6
Rxb6 16. Nc4 Rb4 17. Bf4 Bf8 18. e5 dxe5 19. Bxe5 Ncxd5 20. Rad1 Rxe5 21. Nxe5
Bb7 22. Nxd5 Nxd5 23. Bf3 Rd4 24. Rxd4 cxd4 25. Nc6 Qd6 26. Nxd4 Nb4 27. Qc4
Bxf3 28. Nxf3 a5 29. Ne5 Bg7 30. Qxf7+ 1-0

[Event "Titled Tue 3rd Jan Late"]
[Site "chess.com INT"]
[Date "2025.06.03"]
[Round "8"]
[White "Mai, Alexander Oliver"]
[Black "Reinecke, Katharina"]
[Result "1/2-1/2"]
[BlackTitle "WCM"]
[WhiteElo "2171"]
[BlackElo "1921"]
[WhiteFideId "2313391"]
[BlackFideId "12929727"]
[EventDate "2025.06.03"]

1. e4 c6 2. Nc3 d5 3. Nf3 Bg4 4. h3 Bxf3 5. Qxf3 e6 6. Be2 Nf6 7. O-O Be7 8. Rd1
dxe4 9. Nxe4 Nxe4 10. Qxe4 Nd7 11. d4 Nf6 12. Qd3 O-O 13. Bf4 c5 14. dxc5 Qxd3
15. Rxd3 Bxc5 16. Bf3 Rad8 17. Rad1 Rxd3 18. Rxd3 b6 19. Kf1 h6 20. Ke2 g5 21.
Be3 Bxe3 22. Kxe3 Rc8 23. c3 Kg7 24. b4 h5 25. g3 g4 26. hxg4 hxg4 27. Bg2 Rc4
28. a4 Nd5+ 29. Bxd5 exd5 30. Kd2 a5 31. bxa5 bxa5 32. Rd4 Rxd4+ 33. cxd4 Kf6
34. Kd3 Kf5 35. Ke3 Kg5 36. Kd3 Kf5 37. Ke3 Kg5 38. Kd3 Kf5 1/2-1/2

[Event "Titled Tue 3rd Jan Late"]
[Site "chess.com INT"]
[Date "2025.06.03"]
[Round "8"]
[White "Xiong, Jeffery"]
[Black "Galchenko, Matvey"]
[Result "1-0"]
[WhiteTitle "GM"]
[BlackTitle "IM"]
[WhiteElo "2636"]
[BlackElo "2442"]
[WhiteFideId "2047640"]
[BlackFideId "24175480"]
[EventDate "2025.06.03"]

1. e4 e6 2. d4 d5 3. exd5 exd5 4. Nf3 Nf6 5. Bd3 c5 6. O-O Nc6 7. Re1+ Be7 8.
dxc5 O-O 9. Nc3 Bxc5 10. Bg5 h6 11. Bh4 Be6 12. Qd2 Re8 13. Rad1 a6 14. h3 Rc8
15. Ne2 Nb4 16. Ned4 Nxd3 17. Qxd3 Bd7 18. Rxe8+ Bxe8 19. Nf5 Bb5 20. Qd2 Qb6
21. Qf4 Ne4 22. Rxd5 Bxf2+ 23. Bxf2 Qxf2+ 24. Kh2 Re8 25. Qg4 g6 26. Nxh6+ Kf8
27. Qf4 Re7 28. Rd8+ Be8 29. Nxf7 Qg3+ 30. Qxg3 Nxg3 31. N7e5 Nf1+ 32. Kg1 1-0

[Event "Titled Tue 3rd Jan Late"]
[Site "chess.com INT"]
[Date "2025.06.03"]
[Round "8"]
[White "Cernov, Henrik"]
[Black "Aliyev, Elnur"]
[Result "0-1"]
[WhiteTitle "FM"]
[BlackTitle "CM"]
[WhiteElo "2325"]
[BlackElo "2155"]
[WhiteFideId "16258312"]
[BlackFideId "13402617"]
[EventDate "2025.06.03"]

1. e4 d5 2. exd5 Qxd5 3. Nc3 Qd8 4. Ke2 Nf6 5. Qe1 Bf5 6. Kd1 e6 7. f3 h5 8. d3
Nc6 9. Nge2 Bb4 10. Ng3 Bg6 11. Bd2 Qe7 12. a3 Ba5 13. Nce4 Bb6 14. a4 a6 15.
Kc1 O-O-O 16. a5 Ba7 17. Be2 h4 18. Nf1 h3 19. g4 Nd5 20. Nfg3 f5 21. Bg5 Be3+
22. Bxe3 Nxe3 23. Nc3 Nd4 24. Bd1 f4 25. Nge4 e5 26. Ra4 Be8 27. Ra3 Rh6 28. g5
Rc6 29. Kb1 Bg6 30. Nf2 Qxg5 31. Nxh3 Qg2 32. Nf2 Nxd1 33. Ncxd1 Nxc2 34. Qxe5
Nxa3+ 35. bxa3 Qxf3 36. Rg1 Rxd3 37. Rxg6 Rxd1+ 38. Nxd1 Qxd1+ 39. Ka2 Rc2+ 40.
Kb3 Re2+ 0-1

[Event "Titled Tue 3rd Jan Late"]
[Site "chess.com INT"]
[Date "2025.06.03"]
[Round "8"]
[White "Uzuner, Tufan Can"]
[Black "Pulido Alvarez, Ariel"]
[Result "0-1"]
[WhiteTitle "CM"]
[BlackTitle "FM"]
[WhiteElo "1886"]
[BlackElo "2252"]
[WhiteFideId "6300499"]
[BlackFideId "3503011"]
[EventDate "2025.06.03"]

1. d4 Nf6 2. Nf3 g6 3. c4 Bg7 4. Nc3 d5 5. h4 h5 6. Bg5 dxc4 7. e4 Bg4 8. Bxc4
O-O 9. e5 Nfd7 10. Qd3 Nb6 11. Bb3 Bf5 12. Qe3 Nc6 13. Rd1 Na5 14. O-O Nxb3 15.
axb3 Nd5 16. Nxd5 Qxd5 17. Bxe7 Rfe8 18. Bb4 a5 19. Ba3 Ra6 20. Rc1 Rb6 21. Rxc7
Rxb3 22. Rc3 Rxc3 23. Qxc3 Rc8 24. Qe3 Be4 25. Ng5 Bxg2 26. Re1 Bh6 27. Qg3 Bxg5
28. hxg5 Be4 29. Kh2 Bf5 30. Qe3 Rc2 31. Be7 h4 32. Bf6 h3 33. Rg1 Rxb2 34. Qg3
Qxd4 35. e6 Rxf2+ 36. Kh1 Be4+ 37. Rg2 hxg2+ 38. Kg1 Rf1+ 0-1

[Event "Titled Tue 3rd Jan Late"]
[Site "chess.com INT"]
[Date "2025.06.03"]
[Round "8"]
[White "Borisov, Yuri"]
[Black "Becking, Stephan"]
[Result "1/2-1/2"]
[WhiteTitle "FM"]
[BlackTitle "IM"]
[WhiteElo "2285"]
[BlackElo "2410"]
[WhiteFideId "1503928"]
[BlackFideId "4632478"]
[EventDate "2025.06.03"]

1. e4 e6 2. Nf3 d5 3. e5 c5 4. b4 cxb4 5. a3 b3 6. cxb3 Nc6 7. d4 Nge7 8. Bd3
Nf5 9. Bxf5 exf5 10. O-O Be6 11. b4 Be7 12. Nbd2 O-O 13. Nb3 b6 14. b5 Na5 15.
Nxa5 bxa5 16. Bd2 a6 17. a4 Qb6 18. Qb3 Rfb8 19. Rfb1 h6 20. h4 Rc8 21. bxa6
Qxa6 22. Qb7 Bf8 23. Qxa6 Rxa6 24. Rb7 Rca8 25. Rc1 R6a7 26. Rcc7 Rxb7 27. Rxb7
g6 28. Rb5 Bd7 29. Rxd5 Bxa4 30. Rxa5 Rxa5 31. Bxa5 Bc6 32. Nd2 Be7 33. g3 f4
34. Kf1 fxg3 35. fxg3 f6 36. Bc3 fxe5 37. dxe5 Kf7 38. Kf2 Ke6 39. Ke3 g5 40.
Nf3 Bxf3 41. Kxf3 gxh4 42. gxh4 Bxh4 43. Kg4 Bd8 44. Kh5 Bc7 45. Bd2 Bxe5 46.
Bxh6 1/2-1/2

[Event "Titled Tue 3rd Jan Late"]
[Site "chess.com INT"]
[Date "2025.06.03"]
[Round "8"]
[White "Harish, Neeraj"]
[Black "Vila Dupla, Aurelio"]
[Result "1-0"]
[WhiteTitle "CM"]
[BlackTitle "FM"]
[WhiteElo "2192"]
[BlackElo "2056"]
[WhiteFideId "30958130"]
[BlackFideId "2203383"]
[EventDate "2025.06.03"]

1. c4 Nf6 2. g3 c6 3. Bg2 d5 4. Nf3 g6 5. b3 Bg7 6. Bb2 O-O 7. O-O a5 8. e3 a4
9. d3 axb3 10. axb3 Rxa1 11. Bxa1 Na6 12. Bc3 Bg4 13. Qc2 Qd7 14. Qb2 Bxf3 15.
Bxf3 Ne8 16. Bxg7 Nxg7 17. b4 Nf5 18. Nc3 d4 19. exd4 Qxd4 20. Rd1 h5 21. h4
Nxg3 22. b5 cxb5 23. Qxb5 Nf5 24. Qxb7 Nxh4 25. Ne2 Qd6 26. Ng3 Nc5 27. Qd5
Nxf3+ 28. Qxf3 Rd8 29. d4 h4 30. Ne2 Ne6 31. d5 Nc5 32. Qg4 Qf6 33. Nd4 Nd7 34.
Nc6 Re8 35. Qxd7 Qg5+ 36. Kh1 Rf8 37. Qh3 Qf4 38. Qe3 Qg4 39. Rd4 1-0

[Event "Titled Tue 3rd Jan Late"]
[Site "chess.com INT"]
[Date "2025.06.03"]
[Round "8"]
[White "Gomez Gonzales, Fabiana"]
[Black "Gerbelli Neto, Eduardo"]
[Result "0-1"]
[WhiteTitle "WCM"]
[WhiteElo "1843"]
[BlackElo "2114"]
[WhiteFideId "3860191"]
[BlackFideId "2103281"]
[EventDate "2025.06.03"]

1. e4 e5 2. Nf3 Nc6 3. Bc4 Nf6 4. Ng5 d5 5. exd5 Nd4 6. c3 b5 7. cxd4 bxc4 8.
dxe5 Qxd5 9. exf6 Qxg5 10. Qf3 Rb8 11. Qc6+ Kd8 12. Nc3 Bb7 13. Qxc4 Qxg2 14.
Rf1 Bd6 15. d3 Re8+ 16. Ne4 Bxe4 17. Be3 Bd5 18. Qh4 g6 19. O-O-O Rxe3 20. Qxh7
Re8 21. Rfe1 Bf4+ 22. Kb1 Rxe1 23. Rxe1 Rxb2+ 24. Ka1 Rxa2+ 25. Kb1 Be5 26. Qg8+
Kd7 27. Qb8 Qxf2 28. Qb5+ Bc6 0-1

[Event "Titled Tue 3rd Jan Late"]
[Site "chess.com INT"]
[Date "2025.06.03"]
[Round "8"]
[White "George, Kevin"]
[Black "Schnaider, Ilan"]
[Result "1-0"]
[WhiteTitle "IM"]
[BlackTitle "IM"]
[WhiteElo "2301"]
[BlackElo "2388"]
[WhiteFideId "10669515"]
[BlackFideId "169013"]
[EventDate "2025.06.03"]

1. e4 c5 2. Nf3 d6 3. Bb5+ Bd7 4. Bxd7+ Qxd7 5. c4 e5 6. Nc3 Nc6 7. d3 Be7 8. a3
Bd8 9. O-O Nge7 10. b4 b6 11. Rb1 O-O 12. Be3 f5 13. exf5 Nxf5 14. Nd5 Kh8 15.
Qe2 Nce7 16. Nxe7 Bxe7 17. Bg5 Bf6 18. Qe4 Bxg5 19. Nxg5 h6 20. Nf3 Rae8 21.
bxc5 bxc5 22. Rb7 Qa4 23. Qg4 Qa6 24. Rfb1 Re7 25. Rb8 Rf7 26. Qg6 Kg8 27. Qe6
g5 28. Qg6+ Ng7 29. Qxh6 Qxa3 30. Nxg5 Rxb8 31. Rxb8+ Ne8 32. Rxe8+ Rf8 33.
Rxf8# 1-0

[Event "Titled Tue 3rd Jan Late"]
[Site "chess.com INT"]
[Date "2025.06.03"]
[Round "8"]
[White "Paravyan, David"]
[Black "Ghafourian, Amir Ali"]
[Result "1-0"]
[WhiteTitle "GM"]
[BlackTitle "CM"]
[WhiteElo "2596"]
[BlackElo "2111"]
[WhiteFideId "4194985"]
[BlackFideId "12533831"]
[EventDate "2025.06.03"]

1. d4 d5 2. Bf4 Nf6 3. e3 c5 4. Nf3 Nc6 5. Be2 Nh5 6. Be5 Nxe5 7. Nxe5 Nf6 8. c4
e6 9. cxd5 exd5 10. Bb5+ Bd7 11. Nxd7 Nxd7 12. Nc3 a6 13. Bxd7+ Qxd7 14. dxc5
Bxc5 15. Qxd5 Qxd5 16. Nxd5 O-O-O 17. Rd1 Rd6 18. Ke2 Rhd8 19. Nc3 Bb4 20. Rxd6
Rxd6 21. Rc1 Bxc3 22. Rxc3+ Kb8 23. h4 h5 24. Rc5 g6 25. f3 Rb6 26. b3 Rb4 27.
Rc4 Rb5 28. g4 hxg4 29. fxg4 f5 30. g5 Ra5 31. a4 Re5 32. Kf3 Re6 33. e4 fxe4+
34. Rxe4 Rc6 35. Kg4 b6 36. h5 gxh5+ 37. Kxh5 Rc1 38. g6 Rh1+ 39. Rh4 1-0

[Event "Titled Tue 3rd Jan Late"]
[Site "chess.com INT"]
[Date "2025.06.03"]
[Round "8"]
[White "Garcia, Jhoel"]
[Black "Navoyan, Gagik"]
[Result "1-0"]
[WhiteTitle "IM"]
[BlackTitle "CM"]
[WhiteElo "2304"]
[BlackElo "2186"]
[WhiteFideId "3801110"]
[BlackFideId "13314866"]
[EventDate "2025.06.03"]

1. e4 e5 2. Nf3 Nc6 3. Nc3 Nf6 4. d4 exd4 5. Nxd4 Bb4 6. Nxc6 bxc6 7. Bd3 d5 8.
exd5 O-O 9. O-O Bg4 10. Be2 Bxe2 11. Nxe2 cxd5 12. Bg5 c6 13. Nd4 Rc8 14. Qf3
Be7 15. Nf5 Re8 16. Rfe1 h6 17. Rxe7 hxg5 18. Rae1 Rc7 19. Rxe8+ Nxe8 20. Qe3
Nd6 21. Nxd6 Qxd6 22. Qxg5 f6 23. Re8+ Kf7 24. Qh5+ g6 25. Qh8 f5 26. h4 d4 27.
h5 gxh5 28. Qxh5+ Kg7 29. Qg5+ Kf7 30. Qg8+ Kf6 31. Rf8+ Ke5 32. Qg3+ Kd5 33.
Rxf5+ 1-0

[Event "Titled Tue 3rd Jan Late"]
[Site "chess.com INT"]
[Date "2025.06.03"]
[Round "8"]
[White "Fernandes, Rogerio Paulo Muller"]
[Black "Maglioni, Leonardo"]
[Result "0-1"]
[WhiteElo "2241"]
[BlackElo "2069"]
[WhiteFideId "2101599"]
[BlackFideId "2896830"]
[EventDate "2025.06.03"]

1. c4 Nf6 2. g3 g6 3. Bg2 Bg7 4. Nf3 O-O 5. O-O d6 6. Nc3 e5 7. d3 Nc6 8. Rb1 a5
9. a3 h6 10. b4 axb4 11. axb4 Be6 12. b5 Ne7 13. Ne1 c6 14. Nc2 d5 15. bxc6 bxc6
16. cxd5 cxd5 17. Nb4 Qd7 18. Bd2 Rfc8 19. e3 Bh3 20. Bxh3 Qxh3 21. Qf3 Qe6 22.
Rfc1 e4 23. Qe2 Rab8 24. dxe4 dxe4 25. Na4 Rxc1+ 26. Rxc1 Qb3 27. Nc5 Qa3 28.
Qc4 Rd8 29. Qc3 Qa8 30. Qc2 Nf5 31. Bc3 Rc8 32. Bxf6 Bxf6 33. Qc4 Be7 34. Nba6
Rc6 0-1

[Event "Titled Tue 3rd Jan Late"]
[Site "chess.com INT"]
[Date "2025.06.03"]
[Round "8"]
[White "Pribelszky, Bence"]
[Black "Ali, Sebbar"]
[Result "1-0"]
[WhiteTitle "IM"]
[BlackTitle "IM"]
[WhiteElo "2400"]
[BlackElo "2400"]
[WhiteFideId "769738"]
[BlackFideId "8100977"]
[EventDate "2025.06.03"]

1. Nf3 Nf6 2. d4 g6 3. c4 Bg7 4. g3 O-O 5. Bg2 d6 6. O-O Nc6 7. d5 Na5 8. Nfd2
c5 9. Nc3 a6 10. e4 Rb8 11. Qc2 b5 12. Rb1 Nxc4 13. Nxc4 bxc4 14. Ne2 e6 15.
Qxc4 exd5 16. exd5 Bf5 17. Ra1 Qa5 18. Nc3 Rfe8 19. a3 Nd7 20. Bf4 Ne5 21. Bxe5
Bxe5 22. Rfe1 Rxb2 23. Ne4 Bxe4 24. Rxe4 Qd2 25. Rf1 Reb8 26. Qxa6 Kg7 27. Qa7
R8b7 28. Qa8 R7b3 29. a4 Ra3 30. Qe8 Qc3 31. Re3 Qb4 32. Rxe5 dxe5 33. Qxe5+ Kg8
34. d6 Qb8 35. Bd5 Rd2 36. Bxf7+ Kxf7 37. Qf4+ Kg8 38. Qxd2 Rxa4 39. Re1 Rd4 40.
Qa2+ Kg7 41. Re7+ Kh6 42. Qf7 Rd1+ 43. Kg2 Qb7+ 44. Rxb7 1-0

[Event "Titled Tue 3rd Jan Late"]
[Site "chess.com INT"]
[Date "2025.06.03"]
[Round "8"]
[White "Lymar, Vladislav"]
[Black "Mirimanian, Hayk"]
[Result "1-0"]
[WhiteTitle "CM"]
[BlackTitle "FM"]
[WhiteElo "2216"]
[BlackElo "2237"]
[WhiteFideId "14162180"]
[BlackFideId "4700180"]
[EventDate "2025.06.03"]

1. e4 e5 2. Nf3 Nc6 3. Bb5 a6 4. Ba4 Nf6 5. Nc3 b5 6. Bb3 Be7 7. O-O d6 8. Nd5
Na5 9. d4 Nxb3 10. Nxf6+ Bxf6 11. axb3 exd4 12. Nxd4 Bb7 13. Nf5 O-O 14. Qg4 Re8
15. Re1 d5 16. Bd2 g6 17. Nh6+ Kg7 18. Nf5+ Kh8 19. Nh6 Kg7 20. Rad1 Bc8 21. Qf3
Rxe4 22. Rxe4 dxe4 23. Qxe4 Be6 24. Ng4 Bf5 25. Bh6+ Kg8 26. Rxd8+ Bxd8 27. Qe8# 1-0

[Event "Titled Tue 3rd Jan Late"]
[Site "chess.com INT"]
[Date "2025.06.03"]
[Round "8"]
[White "Zilberstein, Dmitry"]
[Black "Ferrara, Enzo"]
[Result "0-1"]
[WhiteTitle "IM"]
[WhiteElo "2358"]
[BlackElo "2138"]
[WhiteFideId "2010739"]
[BlackFideId "137731"]
[EventDate "2025.06.03"]

1. d4 f5 2. Nf3 Nf6 3. g3 g6 4. Bg2 Bg7 5. O-O O-O 6. c4 d6 7. Nc3 Nbd7 8. Ng5
Nb8 9. c5 d5 10. Bf4 h6 11. Nh3 g5 12. Be5 Nc6 13. Bxf6 Bxf6 14. Bxd5+ e6 15.
Bxc6 bxc6 16. e3 Ba6 17. Re1 Rb8 18. Qa4 Qc8 19. f4 Rxb2 20. Rab1 Qb7 21. Nf2
Rb8 22. Rxb2 Qxb2 23. Qxa6 Qxc3 24. Re2 Rb1+ 25. Kg2 Qc1 26. Kf3 g4+ 27. Nxg4
Qh1+ 28. Rg2 fxg4+ 29. Kxg4 Qxg2 30. Qc8+ Kf7 31. Qxc7+ Be7 32. Qe5 Qxh2 33. Kf3
Rf1+ 34. Ke4 Qc2# 0-1